Szczegóły MARC21

Die grössere Hoffnung : Roman /

003 -Nazwa inst., której nr kontr. jest w polu 001 [,]
    • @
    • Nazwa instytucji, której n kontrolny jest w polu 001
    • NUKAT
005 -DATA I CZAS OSTATNIEJ MODYFIKACJI [,]
    • @
    • pole kontrolne
    • 20241231100757.0
020 -Międzynarod. znormalizowany nr książki - ISBN [ , ]
    • a
    • Numer ISBN
    • 3100005082 Find
040 -Instytucja sporządzająca opis [ , ]
    • a
    • Instytucja, która sporządziła opis (NP)
    • KR U/GM
    • b
    • Język katalogowania
    • pol
    • e
    • Zasady katalogowania
    • rda
    • c
    • Instytucja, która sporządziła rekord (NP)
    • KR U/GM
    • d
    • Instytucja, która zmodyfikowała rekord (P)
    • KR U/JAKs
    • d
    • Instytucja, która zmodyfikowała rekord (P)
    • SZCZ U/MC
942 -Rodzaj dokumentu [ , ]
    • c
    • Rodzaj dokumentu
    • Książka
100 -Hasło główne - nazwa osobowa [1, ]
    • a
    • Nazwa osobowa (NP)
    • Aichinger, Ilse
    • d
    • Daty biograficzne (NP)
    • (1921-2016).
    • e
    • Rodzaj współpracy
    • Autor
    • 9
    • KHW
    • 59014
245 -Strefa tytułu i oznaczenia odpowiedzialności [1,4]
    • a
    • Tytuł
    • Die grössere Hoffnung : Find
    • b
    • Ciąg dalszy tytułu (NP)
    • Roman / Find
    • c
    • Pozostałe elementy strefy tytułu i oznaczenia odpowiedzialności (NP)
    • Ilse Aichinger ; mit einem Nachwort von Heinz Politzer.
250 -Strefa wydania [ , ]
    • a
    • Oznaczenie wydania (NP)
    • 2 Auflage, 11.-12. Tausend.
260 -Strefa adresu wydawniczego [ , ]
    • a
    • Miejsce wydania (P)
    • [Frankfurt am Main] :
    • b
    • Nazwa wydawcy (P)
    • S. Fischer Verlag,
    • c
    • Data wydania (P)
    • 1983.
300 -Strefa opisu fizycznego [ , ]
    • a
    • Określenie formy książki i/lub objętość (NP)
    • 313, [3] strony ;
    • c
    • Format (NP)
    • 20 cm.
336 -Typ zawartości [ , ]
    • a
    • Termin opisujący typ zawartości
    • Tekst
    • b
    • Kod określający zawartość
    • txt
    • 2
    • Źródło (terminu i kodu)
    • rdacontent
337 -Typ mediów [ , ]
    • a
    • Tryb odtwarzania
    • Bez urządzenia pośredniczącego
    • b
    • Kod typu mediów
    • n
    • 2
    • Źródło (terminu i kodu)
    • rdamedia
338 -Typ/rodzaj nośnika [ , ]
    • a
    • Hasło opisujące typ nośnika
    • Wolumin
    • b
    • Kod typu nośnika
    • nc
    • 2
    • Źródło (terminu i kodu)
    • rdacarrier
490 -Strefa serii i książki wielotomowej - forma nie do wyszukiwania [1, ]
    • a
    • Tytuł (P)
    • Fischer-Bibliothek Find
830 -Hasło dodatkowe serii i opisu książki wielotomowej - tytuł ujednolicony/tytuł [ ,0]
    • a
    • Tytuł ujednolicony/tytuł (NP)
    • Fischer-Bibliothek
    • 9
    • KHW
    • 444341
500 -Uwaga ogólna [ , ]
    • a
    • Uwaga ogólna (NP)
    • Copyright 1948 by Berman Fischer Verlag NV, Amsterdam.
500 -Uwaga ogólna [ , ]
    • a
    • Uwaga ogólna (NP)
    • Miejsce wydania na podstawie informacji o wydawnictwie przejętej z kartoteki haseł wzorcowych.
655 -Hasło w funkcji tematu formalnego [ ,7]
    • a
    • Hasło
    • Powieść austriacka
    • y
    • Określnik chronologiczny
    • 1945-1970.
    • 2
    • Źródło terminu
    • kaba
    • 9
    • KHW
    • 401675
700 -Hasło dodatkowe - nazwa osobowa [1, ]
    • a
    • Nazwa osobowa (NP)
    • Politzer, Heinz Find
    • d
    • Daty biograficzne (NP)
    • (1910-1978).
    • e
    • Określenie rodzaju współpracy
    • Posłowie
    • 9
    • KHW
    • 444340
710 -Hasło dodatkowe - nazwa ciała zbiorowego [2, ]
    • a
    • Nazwa ciała zbiorowego lub nazwa geograficzna jako pierwszy element (NP)
    • S. Fischer Verlag.
    • e
    • Rodzaj współpracy
    • Wydawca
    • 4
    • Kod relacji
    • pbl
    • 9
    • KHW
    • 60789
920 -ISBN [ , ]
    • a
    • ISBN
    • 3-10-000508-2 Find
Status udost. Numer inwentarzowy Lokalizacja Sygnatura
-3G.862BMGerm. Literatura austriacka